Outsourcing sieťovej infraštruktúry
Zložky prevádzky sieťovej infraštruktúry LAN/WAN : konfigurácia, monitoring a servis. Prevádzka infraštruktúry LAN/WAN vo vlastnej réžii v malom podniku, strednom podniku a vo veľkom podniku. Outsourcing sieťovej infraštruktúry. Tvorba SLA v komunikačnej infraštruktúre.
Na minha lista:
| Autor principal: | |
|---|---|
| Outros Autores: | |
| Formato: | Capítulo de Livro |
| Idioma: | eslovaco |
| Assuntos: | |
| Tags: |
Sem tags, seja o primeiro a adicionar uma tag!
|
MARC
| LEADER | 00000naa$a2200000$$$4500 | ||
|---|---|---|---|
| 001 | 0057884 | ||
| 005 | 20231128134149.2 | ||
| 041 | 0 | |a slo | |
| 044 | |a CZ | ||
| 245 | 1 | 0 | |a Outsourcing sieťovej infraštruktúry |c Juraj Vaculík, Emil Fraštia |
| 520 | |a Zložky prevádzky sieťovej infraštruktúry LAN/WAN : konfigurácia, monitoring a servis. Prevádzka infraštruktúry LAN/WAN vo vlastnej réžii v malom podniku, strednom podniku a vo veľkom podniku. Outsourcing sieťovej infraštruktúry. Tvorba SLA v komunikačnej infraštruktúre. | ||
| 610 | 2 | 0 | |a infraštruktúra informačná |
| 610 | 2 | 0 | |a technológie informačné |
| 610 | 2 | 0 | |a technológie komunikačné |
| 610 | 2 | 0 | |a systémy informačné |
| 610 | 2 | 0 | |a outsourcing |
| 100 | 1 | |a Vaculík, Juraj | |
| 700 | 1 | |a Fraštia, Emil | |